00998nam a2200181 a 450000100100000000500170001000800410002704000250006810000350009324500800012826000460020830000210025404900090027595201770028495201730046195201650063499900170079900003318520200930070101.0110818s1947 dr 000 0 spa d aDO-SdBNPbspacBNPHU1 aCooper, Paged1891-195895882410aSambumbia :ba discovery of the Dominican Republic, the modern hispañola. aNew York :bThe Caribbean Library,c1947. a203 p. ;c21 cm. aBNPD 001054708RVaGRbGRcCTd2011-08-18iLF1l0o p33185-30r2020-06-25te. 3w2020-06-25y4zPerteneció a la biblioteca personal de Julio Ortega FrieZPréstamo en sala 0010718PDaPDbPDcCTd2011-08-18iLF1l0o p33185-10r2020-06-25te. 2w2020-06-25yLFPDzPerteneció a la biblioteca personal de Julio Ortega Frier.ZNo se presta 0010718PDaPDbPDcCTd2011-08-18iLF1l0o p33185-20r2020-06-25w2020-06-25yLFPDzPerteneció a la biblioteca personal de Julio Ortega FrieZNo se presta c32676d32676